[Event "Verbandsliga Suedbaden 1718"]
[Site "Baden"]
[Date "2018.01.28"]
[Round "5.3"]
[White "Riehle, Marco"]
[Black "Brennenstuhl, Oliver"]
[Result "1-0"]
[WhiteElo "2273"]
[BlackElo "2092"]
[PlyCount "91"]
[EventDate "2017.10.08"]
[EventType "team-tourn"]
[EventRounds "9"]
[EventCountry "GER"]
[SourceTitle "EXT 2019"]
[Source "ChessBase"]
[SourceDate "2018.10.10"]
[SourceVersion "1"]
[SourceVersionDate "2018.10.10"]
[SourceQuality "1"]
[WhiteTeam "Sasbach"]
[BlackTeam "Lahr"]
[WhiteTeamCountry "GER"]
[BlackTeamCountry "GER"]

1. e4 e6 2. d4 d5 3. exd5 exd5 4. Nf3 Bd6 5. c4 dxc4 6. Bxc4 Nf6 7. 0-0 0-0 8. h3 h6 9. Ne5 Bxe5 10. dxe5 Qxd1 11. Rxd1 Ne4 12. Bd5 Nc5 13. Be3 Ne6 14. f4 Re8 15. Nc3 Na6 16. a3 Nd8 17. b4 c6 18. Ba2 Nc7 19. Ne4 Nb5 20. Nd6 Nxd6 21. Rxd6 Be6 22. Bxe6 Nxe6 23. Rd7 Reb8 24. f5 Nf8 25. Rc7 a5 26. e6 fxe6 27. Bd4 Rd8 28. Rxg7+ Kh8 29. Bf6 Nh7 30. Bb2 Rd2 31. Bc3 Rd3 32. Rg3+ Rxc3 33. Rxc3 axb4 34. Rb3 Rxa3 35. Raxa3 bxa3 36. fxe6 a2 37. Ra3 Kg7 38. Rxa2 Kf6 39. Ra7 Kxe6 40. Rxb7 Nf6 41. g4 Nd7 42. Kf2 Ne5 43. Ke3 Nf7 44. Rc7 Ne5 45. Ke4 Nd7 46. Rxc6+ 1-0

[Event "Verbandsliga Suedbaden 1718"]
[Site "Baden"]
[Date "2017.11.05"]
[Round "2.4"]
[White "Kiefer, Gerhard"]
[Black "Brennenstuhl, Oliver"]
[Result "1/2-1/2"]
[WhiteElo "2260"]
[BlackElo "2092"]
[PlyCount "65"]
[EventDate "2017.10.08"]
[EventType "team-tourn"]
[EventRounds "9"]
[EventCountry "GER"]
[SourceTitle "EXT 2019"]
[Source "ChessBase"]
[SourceDate "2018.10.10"]
[SourceVersion "1"]
[SourceVersionDate "2018.10.10"]
[SourceQuality "1"]
[WhiteTeam "Emmendingen II"]
[BlackTeam "Lahr"]
[WhiteTeamCountry "GER"]
[BlackTeamCountry "GER"]

1. e4 e6 2. d4 d5 3. Nc3 Nf6 4. Bg5 Be7 5. e5 Ne4 6. Bxe7 Nxc3 7. Bxd8 Nxd1 8. Bxc7 Nxb2 9. Rb1 Nc4 10. Bxc4 dxc4 11. Nf3 Nc6 12. Bd6 b6 13. c3 Bb7 14. Nd2 Rc8 15. Ke2 f5 16. Ke3 Nd8 17. h4 g6 18. f3 Kd7 19. Rhg1 Nf7 20. Ba3 h6 21. g3 Bd5 22. g4 g5 23. h5 f4+ 24. Kf2 Kc6 25. Rge1 a5 26. Ne4 Bxe4 27. Rxe4 Rhd8 28. Re2 Rd5 29. Reb2 b5 30. Be7 Re8 31. Bf6 a4 32. a3 Nd8 33. Bxd8 1/2-1/2

[Event "Verbandsliga Suedbaden 1617"]
[Site "Baden"]
[Date "2016.11.20"]
[Round "3.1"]
[White "Grunau, Christoph"]
[Black "Brennenstuhl, Oliver"]
[Result "1-0"]
[WhiteElo "2239"]
[BlackElo "2098"]
[PlyCount "71"]
[EventDate "2016.10.09"]
[EventType "team-tourn"]
[EventRounds "9"]
[EventCountry "GER"]
[SourceTitle "EXT 2022"]
[Source "ChessBase"]
[SourceDate "2021.10.06"]
[SourceVersion "1"]
[SourceVersionDate "2021.10.06"]
[SourceQuality "1"]
[WhiteTeam "Heitersheim"]
[BlackTeam "Lahr"]
[WhiteTeamCountry "GER"]
[BlackTeamCountry "GER"]

1. a3 g6 2. d3 Bg7 3. c4 c5 4. g3 Nc6 5. Bg2 d6 6. Nc3 e5 7. Bd2 Nge7 8. h4 h6 9. Rb1 Be6 10. b4 Qd7 11. Na4 cxb4 12. axb4 0-0 13. b5 Nd8 14. Be3 Nf5 15. Bc1 Rc8 16. e4 Nd4 17. Ra1 f5 18. Nc3 f4 19. Rxa7 fxg3 20. f3 Qf7 21. Nce2 Bxc4 22. dxc4 Qxc4 23. Nxd4 exd4 24. Bd2 d3 25. Ra3 Bb2 26. Rb3 Qd4 27. Nh3 Ra8 28. Rb4 Qf6 29. Qb3+ Ne6 30. Qxb2 Ra1+ 31. Bc1 Qxb2 32. Rxb2 Rxc1+ 33. Kd2 Rxh1 34. Bxh1 Nc5 35. Ke3 Ra8 36. Kf4 1-0

[Event "Verbandsliga Suedbaden 1516"]
[Site "Baden"]
[Date "2016.03.20"]
[Round "8.4"]
[White "Bohnert, Dominik"]
[Black "Brennenstuhl, Oliver"]
[Result "1-0"]
[WhiteElo "2028"]
[BlackElo "2048"]
[PlyCount "129"]
[EventDate "2015.09.27"]
[EventType "team-tourn"]
[EventRounds "9"]
[EventCountry "GER"]
[SourceTitle "EXT 2022"]
[Source "ChessBase"]
[SourceDate "2021.10.06"]
[SourceVersion "1"]
[SourceVersionDate "2021.10.06"]
[SourceQuality "1"]
[WhiteTeam "Sasbach"]
[BlackTeam "Lahr"]
[WhiteTeamCountry "GER"]
[BlackTeamCountry "GER"]

1. b3 e5 2. Bb2 Nc6 3. e3 Nf6 4. Ne2 d5 5. d4 Bd6 6. c4 dxc4 7. bxc4 exd4 8. Nxd4 Bb4+ 9. Bc3 Bxc3+ 10. Nxc3 Nxd4 11. Qxd4 Qxd4 12. exd4 Bd7 13. Be2 0-0-0 14. f3 Rhe8 15. Kf2 Re6 16. Rad1 Rde8 17. Bd3 Ra6 18. Rd2 Ra3 19. Rc1 Re7 20. Re2 Rxe2+ 21. Kxe2 h6 22. Kd2 Ra5 23. Re1 Rh5 24. h3 Ra5 25. Re5 Rxe5 26. dxe5 Ng8 27. Nd5 Kd8 28. g4 h5 29. Kc3 Ne7 30. Nxe7 Kxe7 31. Be4 b6 32. Kd4 c5+ 33. Ke3 f6 34. exf6+ Kxf6 35. gxh5 Bxh3 36. f4 Bg4 37. Bg6 Be6 38. Bd3 Bf7 39. Be2 Kf5 40. a3 Be6 41. Bd3+ Kf6 42. Kf3 Bf7 43. Kg4 Be8 44. Be2 Ba4 45. Kf3 Bc2 46. Kg4 a6 47. Kf3 Kf5 48. Ke3 Be4 49. Bf1 Bc6 50. Bh3+ Kf6 51. Bc8 a5 52. Bg4 b5 53. cxb5 Bxb5 54. Ke4 Bc4 55. Bd7 Bf7 56. Bg4 Be6 57. Bxe6 Kxe6 58. a4 c4 59. Kd4 c3 60. Kxc3 Kf5 61. Kc4 Kxf4 62. Kb5 Kg5 63. Kxa5 Kxh5 64. Kb5 g5 65. a5 1-0

[Event "Verbandsliga Suedbaden 1516"]
[Site "Baden"]
[Date "2016.01.24"]
[Round "5.4"]
[White "Brennenstuhl, Oliver"]
[Black "Merkel, Markus"]
[Result "1/2-1/2"]
[WhiteElo "2048"]
[BlackElo "2116"]
[PlyCount "55"]
[EventDate "2015.09.27"]
[EventType "team-tourn"]
[EventRounds "9"]
[EventCountry "GER"]
[SourceTitle "EXT 2022"]
[Source "ChessBase"]
[SourceDate "2021.10.06"]
[SourceVersion "1"]
[SourceVersionDate "2021.10.06"]
[SourceQuality "1"]
[WhiteTeam "Lahr"]
[BlackTeam "Heitersheim"]
[WhiteTeamCountry "GER"]
[BlackTeamCountry "GER"]

1. c4 e6 2. Nc3 d5 3. d4 Nf6 4. Nf3 Nbd7 5. e3 a6 6. b3 b6 7. Bd3 Bb4 8. Bd2 Bb7 9. a3 Bd6 10. 0-0 Ne4 11. cxd5 exd5 12. Qe2 0-0 13. Rfd1 Re8 14. b4 Qf6 15. Be1 Qh6 16. Qc2 Ndf6 17. h3 Rad8 18. Ne5 Nxc3 19. Bxc3 Nd7 20. Rac1 f6 21. Ng4 Qh5 22. Bf5 Nf8 23. Bd3 Kh8 24. a4 Ne6 25. Be2 Qf7 26. Bd3 Qh5 27. Be2 Qf7 28. Bd3 1/2-1/2

[Event "Verbandsliga Sued Baden 1314"]
[Site "Germany"]
[Date "2014.01.12"]
[Round "4.4"]
[White "Schulz, Vladimir"]
[Black "Brennenstuhl, Oliver"]
[Result "0-1"]
[WhiteElo "2143"]
[BlackElo "2048"]
[PlyCount "42"]
[EventDate "2013.10.20"]
[EventType "team-tourn"]
[EventRounds "9"]
[EventCountry "GER"]
[SourceTitle "EXT 2015"]
[Source "ChessBase"]
[SourceDate "2014.11.20"]
[SourceVersion "1"]
[SourceVersionDate "2014.11.20"]
[SourceQuality "1"]
[WhiteTeam "Offenburg"]
[BlackTeam "Lahr"]
[WhiteTeamCountry "GER"]
[BlackTeamCountry "GER"]

1. Nf3 d5 2. d4 Nf6 3. c4 c6 4. Nc3 e6 5. e3 Nbd7 6. Bd3 dxc4 7. Bxc4 b5 8. Bd3 a6 9. e4 c5 10. e5 cxd4 11. Nxb5 axb5 12. exf6 gxf6 13. Nxd4 Bb7 14. 0-0 Bc5 15. Be3 Qb6 16. Bxb5 Rd8 17. Qa4 Rg8 18. f3 Rg5 19. Bd3 Rd5 20. Be4 Bxd4 21. Bxd5 Bxe3+ 0-1

[Event "Verbandsliga Sued Baden 1112"]
[Site "Germany"]
[Date "2011.11.06"]
[Round "2.8"]
[White "Krueger, Michael"]
[Black "Brennenstuhl, Oliver"]
[Result "0-1"]
[WhiteElo "2023"]
[BlackElo "2048"]
[PlyCount "38"]
[EventDate "2011.10.09"]
[EventType "team-tourn"]
[EventRounds "9"]
[EventCountry "GER"]
[SourceTitle "EXT 2013"]
[Source "ChessBase"]
[SourceDate "2012.11.22"]
[SourceVersion "1"]
[SourceVersionDate "2012.11.22"]
[SourceQuality "1"]
[WhiteTeam "Engen"]
[BlackTeam "Lahr"]
[WhiteTeamCountry "GER"]
[BlackTeamCountry "GER"]

1. e4 e6 2. d4 d5 3. Nc3 Nf6 4. e5 Nfd7 5. Nf3 c5 6. dxc5 Nc6 7. Bf4 Bxc5 8. Rb1 0-0 9. Bd3 f6 10. exf6 Nxf6 11. Bg3 e5 12. Be2 e4 13. Ne5 Nxe5 14. Bxe5 Ng4 15. Bxg4 Bxf2+ 16. Kf1 Bg3+ 17. Kg1 Qb6+ 18. Bd4 Bf2+ 19. Kf1 Bxd4+ 0-1

[Event "Verbandsliga Sued Baden 1011"]
[Site "Baden"]
[Date "2010.12.12"]
[Round "4.4"]
[White "Germer, Philipp"]
[Black "Brennenstuhl, Oliver"]
[Result "1-0"]
[WhiteElo "2190"]
[BlackElo "2048"]
[PlyCount "73"]
[EventDate "2010.10.17"]
[EventType "team-tourn"]
[EventRounds "9"]
[EventCountry "GER"]
[SourceTitle "EXT 2012"]
[Source "ChessBase"]
[SourceDate "2011.11.24"]
[SourceVersion "1"]
[SourceVersionDate "2011.11.24"]
[SourceQuality "1"]
[WhiteTeam "Oberwinden"]
[BlackTeam "Lahr"]
[WhiteTeamCountry "GER"]
[BlackTeamCountry "GER"]

1. e4 e6 2. d4 d5 3. e5 c5 4. c3 Nc6 5. Nf3 Qb6 6. a3 Nh6 7. b4 cxd4 8. cxd4 Nf5 9. Be3 Be7 10. Bd3 Nxe3 11. fxe3 0-0 12. 0-0 f5 13. Nc3 Qd8 14. Rc1 Bd7 15. Qb3 Rc8 16. Na4 Bg5 17. Rce1 b6 18. Nc3 Be7 19. Ba6 Rb8 20. Rc1 b5 21. Bxb5 Na5 22. bxa5 a6 23. Nxd5 Rxb5 24. Nxe7+ Qxe7 25. Qc3 Rfb8 26. Qc7 Kf7 27. Qd6 R8b7 28. Rc5 Rb1 29. Rxb1 Rxb1+ 30. Kf2 Rb2+ 31. Kg3 Rb7 32. Qxa6 Ba4 33. Qd6 Kg6 34. d5 f4+ 35. exf4 Bb3 36. Qxe7 Rxe7 37. d6 1-0

[Event "Verbandsliga Sued Baden 1011"]
[Site "Baden"]
[Date "2010.11.21"]
[Round "3.6"]
[White "Brennenstuhl, Oliver"]
[Black "Goelgeci, Oguz"]
[Result "0-1"]
[WhiteElo "2048"]
[BlackElo "1998"]
[PlyCount "106"]
[EventDate "2010.10.17"]
[EventType "team-tourn"]
[EventRounds "9"]
[EventCountry "GER"]
[SourceTitle "EXT 2012"]
[Source "ChessBase"]
[SourceDate "2011.11.24"]
[SourceVersion "1"]
[SourceVersionDate "2011.11.24"]
[SourceQuality "1"]
[WhiteTeam "Lahr"]
[BlackTeam "Baden-Baden IV"]
[WhiteTeamCountry "GER"]
[BlackTeamCountry "GER"]

1. e4 c5 2. Nf3 Nc6 3. d4 cxd4 4. Nxd4 d6 5. Nc3 g6 6. Be3 Nf6 7. f3 Bd7 8. Qd2 Bg7 9. Bc4 Na5 10. Bb3 Rc8 11. 0-0-0 Nxb3+ 12. cxb3 b5 13. Kb1 b4 14. Nce2 a5 15. Rc1 0-0 16. g4 e5 17. Rxc8 Qxc8 18. Nc2 Bb5 19. Nc1 d5 20. g5 d4 21. gxf6 dxe3 22. Qd5 Bc6 23. Qxa5 Bxf6 24. Nxe3 Qb7 25. Nd5 Bh4 26. Nd3 Ra8 27. Qxb4 Bxd5 28. exd5 Qxd5 29. Qe4 Qd8 30. Nxe5 Rc8 31. Qd3 Qf6 32. Ng4 Qf4 33. Qe4 Qd2 34. a3 Bg5 35. Ka2 h5 36. Ne5 Bf6 37. Rb1 Rc2 38. Nc4 Qxh2 39. a4 Re2 40. Qa8+ Kg7 41. a5 Qf2 42. Qd5 h4 43. f4 Qxf4 44. Nd6 Re6 45. Nc4 h3 46. b4 Re4 47. Nd6 Re6 48. Nc4 h2 49. b5 Re5 50. Qc6 Re4 51. b3 Qf2+ 52. Ka3 Be7+ 53. Nd6 Rd4 0-1

[Event "Baden-ch op"]
[Site "Badenweiler"]
[Date "2009.06.04"]
[Round "5"]
[White "Scherer, Max"]
[Black "Brennenstuhl, Oliver"]
[Result "1-0"]
[WhiteElo "2262"]
[BlackElo "2019"]
[PlyCount "61"]
[EventDate "2009.06.01"]
[EventType "swiss"]
[EventRounds "9"]
[EventCountry "GER"]
[SourceTitle "EXT 2010"]
[Source "ChessBase"]
[SourceDate "2010.11.25"]
[SourceVersion "1"]
[SourceVersionDate "2010.11.25"]
[SourceQuality "1"]

1. b3 e5 2. Bb2 Nc6 3. e3 Nf6 4. c4 d6 5. Nc3 g6 6. g3 Bg4 7. f3 Bd7 8. Nge2 Bg7 9. Bg2 Qc8 10. h4 0-0 11. d3 Ne7 12. e4 Re8 13. Qd2 c6 14. Rc1 Qc7 15. d4 exd4 16. Qxd4 Rad8 17. g4 Qa5 18. Qd2 Bxg4 19. fxg4 Nxg4 20. Qg5 f5 21. exf5 h5 22. fxg6 Nf5 23. Bf3 Bh6 24. Qxh5 Nf6 25. b4 Qe5 26. Ne4 Qxb2 27. Qxf5 Rxe4 28. Bxe4 Re8 29. Rc2 Qb1+ 30. Kf2 Nxe4+ 31. Kg2 1-0

[Event "Baden-ch op"]
[Site "Badenweiler"]
[Date "2009.06.01"]
[Round "1"]
[White "Brennenstuhl, Oliver"]
[Black "Schrems, Hermann"]
[Result "1/2-1/2"]
[WhiteElo "2019"]
[BlackElo "2151"]
[PlyCount "127"]
[EventDate "2009.06.01"]
[EventType "swiss"]
[EventRounds "9"]
[EventCountry "GER"]
[SourceTitle "EXT 2010"]
[Source "ChessBase"]
[SourceDate "2010.11.25"]
[SourceVersion "1"]
[SourceVersionDate "2010.11.25"]
[SourceQuality "1"]

1. e4 Nf6 2. Nc3 d5 3. exd5 Nxd5 4. Qf3 Nb4 5. Bc4 e6 6. Bb3 N8c6 7. Nge2 Na5 8. Ba4+ Bd7 9. a3 Nd5 10. Bxd7+ Qxd7 11. Nxd5 Qxd5 12. Qxd5 exd5 13. d3 Be7 14. Bd2 Nc6 15. 0-0 0-0-0 16. Rfe1 Bf6 17. Bc3 Bxc3 18. bxc3 Rd6 19. Nf4 Kd7 20. Rab1 b6 21. Re2 Re8 22. Kf1 Rxe2 23. Nxe2 Rh6 24. h3 Rh4 25. Rb5 Kd6 26. g3 Ra4 27. Nf4 Ne7 28. Rb3 a6 29. Nh5 g6 30. Nf6 h5 31. c4 dxc4 32. Ne4+ Kc6 33. dxc4 Rxc4 34. Ng5 f6 35. Nh7 Nd5 36. Rf3 Rxc2 37. Nxf6 Rc3 38. Rxc3+ Nxc3 39. f4 Kd6 40. Ne8+ Kd7 41. Ng7 Ke7 42. f5 gxf5 43. Nxh5 Ne4 44. Ke2 Ke6 45. Kf3 Ke5 46. Nf4 Nd2+ 47. Ke2 Nc4 48. a4 Nb2 49. a5 b5 50. h4 Nc4 51. Nd3+ Kf6 52. Nb4 Nxa5 53. Nd5+ Kg6 54. Nxc7 Nc6 55. Nxa6 b4 56. Nc5 Nd4+ 57. Ke3 b3 58. Nd3 Ne6 59. Kf3 Kh5 60. Nb2 Nc5 61. Kf4 Ne4 62. Kxf5 Nxg3+ 63. Kf4 Kxh4 64. Ke3 1/2-1/2

[Event "Verbandsliga Sued Baden 0809"]
[Site "Germany"]
[Date "2009.03.22"]
[Round "8.7"]
[White "Zambo, Zoltan"]
[Black "Brennenstuhl, Oliver"]
[Result "1-0"]
[WhiteElo "2301"]
[BlackElo "2019"]
[PlyCount "189"]
[EventDate "2008.09.28"]
[EventType "team"]
[EventRounds "9"]
[EventCountry "GER"]
[SourceTitle "EXT 2010"]
[Source "ChessBase"]
[SourceDate "2010.11.25"]
[SourceVersion "1"]
[SourceVersionDate "2010.11.25"]
[SourceQuality "1"]
[WhiteTeam "Waldshut"]
[BlackTeam "Lahr"]
[WhiteTeamCountry "GER"]
[BlackTeamCountry "GER"]

1. c4 c5 2. g3 Nc6 3. Bg2 g6 4. Nc3 Bg7 5. d3 Nf6 6. Bg5 d6 7. Qc1 Nd4 8. Nf3 Rb8 9. 0-0 Bg4 10. Re1 Bxf3 11. exf3 Ne6 12. Bh6 0-0 13. Bxg7 Kxg7 14. f4 Nd4 15. Ne2 Nc6 16. Qc3 Qb6 17. a3 Rfe8 18. Rad1 Kg8 19. d4 cxd4 20. Nxd4 Nxd4 21. Qxd4 Qxd4 22. Rxd4 Kf8 23. b4 b6 24. Bh3 Rb7 25. g4 Rc7 26. g5 Nh5 27. f5 Ng7 28. f6 exf6 29. Rxe8+ Nxe8 30. gxf6 Nxf6 31. Rxd6 Ke7 32. Rd4 Nd7 33. f4 Nf6 34. Kf2 a5 35. bxa5 bxa5 36. Bg2 Rc5 37. h3 Rc8 38. Ke3 Rc7 39. Kd3 Rc5 40. Bf3 Rc8 41. Kc3 Rc5 42. Kb3 g5 43. fxg5 Rxg5 44. Ka4 Nd7 45. Bd5 Nb6+ 46. Kxa5 Nxc4+ 47. Kb4 Nxa3 48. Kxa3 Rg3+ 49. Kb4 Rxh3 50. Kc5 f5 51. Bc6 Rc3+ 52. Kd5 Kf6 53. Rh4 Rd3+ 54. Kc4 Rd2 55. Rxh7 Kg5 56. Rf7 f4 57. Be4 Rd6 58. Bf3 Rd2 59. Kc3 Rd6 60. Be4 Rd8 61. Rc7 Rd6 62. Rg7+ Kf6 63. Rg2 Ke5 64. Bd3 Rf6 65. Rg5+ Kd6 66. Kd2 f3 67. Rg1 f2 68. Rf1 Ke5 69. Ke3 Rf8 70. Be2 Rf6 71. Bf3 Ra6 72. Kxf2 Kf4 73. Rg1 Ra2+ 74. Be2 Ke5 75. Ke3 Ra3+ 76. Bd3 Kd5 77. Rg5+ Kd6 78. Kd4 Ke7 79. Be4 Ra1 80. Ke5 Re1 81. Rg7+ Kf8 82. Rh7 Rf1 83. Bg6 Ra1 84. Kf6 Ra6+ 85. Kg5 Rb6 86. Kh6 Ra6 87. Rc7 Rb6 88. Kh7 Rf6 89. Rd7 Rf4 90. Kh6 Rf6 91. Kg5 Rf1 92. Rc7 Ra1 93. Bd3 Ra3 94. Kf6 Kg8 95. Rc8# 1-0

[Event "Verbandsliga Sued Baden 0809"]
[Site "Germany"]
[Date "2009.01.11"]
[Round "5.7"]
[White "Fischer, Thomas"]
[Black "Brennenstuhl, Oliver"]
[Result "0-1"]
[WhiteElo "2213"]
[BlackElo "2019"]
[PlyCount "70"]
[EventDate "2008.09.28"]
[EventType "team"]
[EventRounds "9"]
[EventCountry "GER"]
[SourceTitle "EXT 2010"]
[Source "ChessBase"]
[SourceDate "2010.11.25"]
[SourceVersion "1"]
[SourceVersionDate "2010.11.25"]
[SourceQuality "1"]
[WhiteTeam "Dreilaendereck"]
[BlackTeam "Lahr"]
[WhiteTeamCountry "GER"]
[BlackTeamCountry "GER"]

1. e4 e6 2. d4 d5 3. e5 c5 4. c3 Nc6 5. Nf3 Qb6 6. Bd3 cxd4 7. cxd4 Bd7 8. 0-0 Nxd4 9. Nxd4 Qxd4 10. Nc3 a6 11. Qe2 Ne7 12. Kh1 Nc6 13. f4 Nb4 14. Rd1 Nxd3 15. Rxd3 Qc4 16. Be3 Bb4 17. b3 Qc7 18. Rc1 Qd8 19. Qg4 Kf8 20. f5 Ba3 21. f6 g6 22. Bh6+ Ke8 23. Rcd1 Qc7 24. Bg7 h5 25. Qf4 Rh7 26. Ne4 Bb5 27. Nd6+ Bxd6 28. exd6 Qd7 29. Rxd5 exd5 30. Re1+ Kd8 31. Re7 Qf5 32. Qxf5 gxf5 33. Rxf7 Be8 34. Rf8 Kd7 35. f7 Rxg7 0-1

[Event "Verbandsliga Sued Baden 0708"]
[Site "Germany"]
[Date "2008.04.06"]
[Round "8.6"]
[White "Bayer, Erwin"]
[Black "Brennenstuhl, Oliver"]
[Result "0-1"]
[WhiteElo "1870"]
[BlackElo "1974"]
[PlyCount "48"]
[EventDate "2007.10.14"]
[EventType "team"]
[EventRounds "9"]
[EventCountry "GER"]
[SourceTitle "EXT 2009"]
[Source "ChessBase"]
[SourceDate "2008.11.26"]
[SourceVersion "1"]
[SourceVersionDate "2008.11.26"]
[SourceQuality "1"]
[WhiteTeam "Gottmadingen"]
[BlackTeam "Lahr"]
[WhiteTeamCountry "GER"]
[BlackTeamCountry "GER"]

1. e4 e5 2. d4 exd4 3. c3 d5 4. exd5 Qxd5 5. cxd4 Nf6 6. Nf3 Bg4 7. Be2 Bb4+ 8. Bd2 Bxd2+ 9. Nbxd2 0-0 10. 0-0 Nbd7 11. Qc2 c6 12. Rfe1 Bh5 13. Bc4 Qd6 14. Rad1 Rae8 15. Bd3 Nb6 16. Re5 Bg6 17. Bxg6 hxg6 18. Ne4 Nxe4 19. Qxe4 Rxe5 20. Qxe5 Rd8 21. Qa5 Qb8 22. Ne5 Rd5 23. Qc3 Qxe5 24. Re1 Qxd4 0-1

[Event "Verbandsliga Sued Baden 0607"]
[Site "Germany"]
[Date "2007.01.14"]
[Round "5.5"]
[White "Brennenstuhl, Oliver"]
[Black "Strittmatter, Norbert"]
[Result "1-0"]
[WhiteElo "1942"]
[BlackElo "2076"]
[PlyCount "52"]
[EventDate "2006.10.22"]
[EventType "team"]
[EventRounds "9"]
[EventCountry "GER"]
[SourceTitle "EXT 2008"]
[Source "ChessBase"]
[SourceDate "2007.11.25"]
[SourceVersion "1"]
[SourceVersionDate "2007.11.25"]
[SourceQuality "1"]
[WhiteTeam "Lahr"]
[BlackTeam "Waldshut II"]
[WhiteTeamCountry "GER"]
[BlackTeamCountry "GER"]

1. e4 Nf6 2. Nc3 d6 3. d4 g6 4. Nf3 Bg4 5. Be2 Nbd7 6. Ng1 Bxe2 7. Ngxe2 c6 8. Be3 Bg7 9. f3 h5 10. Qd2 Qc7 11. 0-0 0-0 12. Rad1 a6 13. Kh1 b5 14. Ng1 Qa5 15. Nd5 Qd8 16. Nxf6+ Bxf6 17. f4 Nb6 18. b3 e6 19. Nh3 Qe7 20. d5 Nc8 21. dxc6 Qc7 22. f5 Qxc6 23. Bh6 Bg7 24. f6 Bh8 25. Bxf8 Kxf8 26. Qh6+ Kg8 1-0

[Event "Verbandsliga Sued Baden 0607"]
[Site "Germany"]
[Date "2006.11.26"]
[Round "3.6"]
[White "Meyer, Peter"]
[Black "Brennenstuhl, Oliver"]
[Result "1/2-1/2"]
[WhiteElo "2025"]
[BlackElo "1942"]
[PlyCount "54"]
[EventDate "2006.10.22"]
[EventType "team"]
[EventRounds "9"]
[EventCountry "GER"]
[SourceTitle "EXT 2008"]
[Source "ChessBase"]
[SourceDate "2007.11.25"]
[SourceVersion "1"]
[SourceVersionDate "2007.11.25"]
[SourceQuality "1"]
[WhiteTeam "Oberwinden"]
[BlackTeam "Lahr"]
[WhiteTeamCountry "GER"]
[BlackTeamCountry "GER"]

1. d4 Nf6 2. Nf3 e6 3. e3 b6 4. Bd3 Bb7 5. Nbd2 c5 6. c3 Be7 7. Qe2 cxd4 8. exd4 Qc7 9. 0-0 Nd5 10. Ne4 f5 11. Ng3 Nf4 12. Bxf4 Qxf4 13. Qe5 Qxe5 14. Nxe5 Nc6 15. Nxc6 Bxc6 16. Rfe1 g6 17. a4 Kf7 18. Nf1 a6 19. Nd2 b5 20. axb5 axb5 21. Be2 b4 22. Nc4 bxc3 23. Ne5+ Kf6 24. bxc3 Rxa1 25. Rxa1 Rc8 26. Ra6 Bd6 27. Nxc6 Rxc6 1/2-1/2